[Event "Ceriano Laghetto op-C 17th"]
[Site "Ceriano Laghetto"]
[Date "2008.03.29"]
[Round "2"]
[White "Lipari, Alberto"]
[Black "Lai, Daniela"]
[Result "1-0"]
[WhiteElo "1506"]
[BlackElo "1317"]
[PlyCount "140"]
[EventDate "2008.03.28"]
[EventType "swiss"]
[EventRounds "5"]
[EventCountry "ITA"]
[SourceTitle "EXT 2011"]
[Source "ChessBase"]
[SourceDate "2010.11.26"]
[SourceVersion "1"]
[SourceVersionDate "2010.11.26"]
[SourceQuality "1"]

1. d4 Nf6 2. c4 g6 3. Nc3 Bg7 4. Bf4 d6 5. Nf3 Bg4 6. e3 Nbd7 7. Bd3 0-0 8. Qc2 Re8 9. 0-0-0 e5 10. dxe5 dxe5 11. Bg5 Qc8 12. Ne4 Nxe4 13. Bxe4 Nc5 14. h3 Bxf3 15. gxf3 c6 16. b4 Nxe4 17. Qxe4 Qe6 18. Kb2 Bf6 19. h4 Bxg5 20. hxg5 Rad8 21. Kc3 Rxd1 22. Rxd1 Qh3 23. f4 Qg4 24. f3 Qe6 25. Rd3 f5 26. gxf6 Qxf6 27. Kb3 b5 28. c5 Qe6+ 29. Ka3 exf4 30. Qxf4 Qf5 31. Qxf5 gxf5 32. Kb3 h5 33. Kc3 Kf7 34. Kd2 Rg8 35. Rd6 Rg2+ 36. Ke1 h4 37. Rxc6 Rxa2 38. Rh6 Rh2 39. c6 Rc2 40. Rxh4 Rxc6 41. Rh7+ Kg6 42. Rxa7 Rc4 43. Ra6+ Kg5 44. Kf2 Rxb4 45. Kg3 f4+ 46. exf4+ Rxf4 47. Ra5 Rb4 48. Ra8 Rd4 49. Rf8 Rd3 50. Rg8+ Kf6 51. Kg4 b4 52. Rb8 b3 53. f4 Rc3 54. Rb6+ Kg7 55. Kg5 Rg3+ 56. Kf5 Rc3 57. Kg4 Re3 58. f5 Kf7 59. Kg5 Rg3+ 60. Kf4 Rc3 61. f6 Kg6 62. Ke5 Rf3 63. f7+ Kxf7 64. Kd4 b2 65. Rxb2 Ra3 66. Rb6 Ke7 67. Kd5 Ra5+ 68. Kc4 Kd7 69. Rh6 Kc7 70. Kb4 Rg5 1-0